Statistics for Guess the Taylor Swift song with no hints! #2

Click here to take the quiz!

General Stats

  • This quiz has been taken 444 times
    (437 since last reset)
  • The average score is 151 of 239

Answer Stats

Answer% Correct
I
100%
A
99%
a
99%
You
97%
you
97%
the
96%
to
93%
me
91%
And
90%
be
90%
do
90%
it
89%
On
87%
on
87%
When
87%
in
86%
no
85%
know
78%
can
77%
so
77%
So
77%
That
77%
what
76%
of
75%
this
75%
too
75%
go
74%
it's
74%
its
74%
all
73%
for
71%
see
71%
by
70%
But
69%
but
69%
if
68%
How
67%
how
67%
ever
66%
have
66%
could
65%
there
65%
would
65%
never
63%
now
60%
one
60%
been
59%
had
59%
Am
58%
didn't
55%
I've
55%
Oh
54%
oh
54%
up
54%
saw
51%
knew
50%
got
47%
still
42%
wanted
40%
Late
39%
late
39%
baby
38%
right
37%
try
37%
first
35%
went
35%
yeah
35%
read
34%
nothing
33%
better
32%
give
32%
times
32%
outside
31%
take
31%
part
30%
best
29%
looking
29%
lot
29%
anything
27%
places
27%
find
26%
lets
25%
seems
23%
less
22%
lines
22%
lonely
22%
Nobody
22%
nowhere
22%
road
22%
tried
22%
ain't
21%
between
21%
reason
21%
until
21%
work
21%
few
20%
view
20%
travelled
19%
helped
16%
notices
16%

Score Distribution

Percentile by Number Answered

Percent of People with Each Score

Your Score History

You have not taken this quiz since the last reset